| 000 | 00431nam a22001817a 4500 | ||
|---|---|---|---|
| 003 | OSt | ||
| 005 | 20250318124624.0 | ||
| 008 | 250318b |||||||| |||| 00| 0 eng d | ||
| 020 | _a9789380703909 | ||
| 082 |
_a8H3 _bPREP |
||
| 100 | _aPremchand, Munshi | ||
| 245 | _aPremchand ki sarvashresth kahaniya | ||
| 260 |
_aGurugram _bLexicon Books |
||
| 300 | _a224 | ||
| 546 | _aHindi | ||
| 651 | _aHindi Fiction | ||
| 942 |
_2ddc _cBK |
||
| 999 |
_c3728 _d3728 |
||